Open Data Biblioteca Nacional de Portugal


República Portuguesa: Ministério da Cultura
Biblioteca Nacional de Portugal

Catálogo da BNP: acesso por Identificadores Unívocos
Registos Bibliográficos associados ao registo de autoridade

Etiqueta de registo: 00254nam 2200025 450
001 2271916
003 http://id.bnportugal.gov.pt/bib/catbnp/2271916
010 ## $a978-989-36062-1-6
021 ## $aPT$b547414/25
100 ## $a20260225d2025 m d0pory01030103ba
101 0# $apor$aspa
102 ## $aPT
105 ## $aa b 000yy
106 ## $ar
200 1# $aConvergências$fMiguel Couto$gtextos Vítor Costa, Miguel Couto$gfot. Ramón Yoshimura, Francisco Martinez
210 #9 $aVila do Conde$cCâmara de Vila do Conde,$d2025
215 ## $a43, [1] p.$cil.$d23 cm
305 ## $aEd. bilingue em português e espanhol
675 ## $a730(=1:460)"20"(083.82)$vBN$zpor$31731941
675 ## $a730Couto, Miguel(083.82)$vBN$zpor$31988526
700 #1 $aCouto,$bMiguel,$f1971-$31987478
702 #1 $aCosta,$bVítor,$f1944-$4070$353373
702 #1 $aYoshimura,$bRamón$4600$31987481
702 #1 $aMartinez,$bFrancisco$4600$31987484
801 #0 $aPT$bBN$gRPC
856 41 $uhttp://rnod.bnportugal.gov.pt/ImagesBN/winlibimg.aspx?skey=&doc=2271916&img=219885&save=true
966 ## $lBN$mFGMON$sB.A. 53306 V.$x1
966 ## $lBN$mFGMON$sB.A. 53306 V.-D$x1
971 ## $cabrito$d20260225
973 ## $ctrodrigues$d20260303

OpendataBNP@bnportugal.pt | Mais informação sobre acesso aos dados BNP